Statistics for Spanish 4 Dummies

Click here to take the quiz!

General Stats

  • This quiz has been taken 29 times
    (14 since last reset)
  • The average score is 38 of 50

Answer Stats

HintAnswer% Correct
ciudadcity
100%
perrodog
100%
yes
100%
bebébaby
90%
niñoboy
90%
carrocar
90%
morirdie
90%
parafor
90%
lechemilk
90%
ellashe
90%
pequeñosmall
90%
domingosunday
90%
aguawater
90%
grandebig
80%
gatocat
80%
ochoeight
80%
buenogood
80%
holahello
80%
cómohow
80%
enin
80%
esis
80%
lunamoon
80%
madremother
80%
mimy
80%
pantalonespants
80%
solsun
80%
elthe
80%
dondewhere
80%
you
80%
una
70%
todoall
70%
serbe
70%
ojoeye
70%
tienehas
70%
hombreman
70%
deof
70%
unoone
70%
oor
70%
ellosthem
70%
estothis
70%
trabajarwork
70%
hacerdo
60%
ahoranow
60%
hoytoday
60%
fuewas
60%
nosotroswe
60%
mujerwoman
60%
ato
40%
esothat
30%
porby
20%

Score Distribution

Percentile by Number Answered

Percent of People with Each Score

Your Score History

You have not taken this quiz since the last reset